000 01760nas a2200289 i 4500
001 1379
003 ES-MaACL
005 20250802062528.0
007 t|
008 950801d18861914xxum| | 1 ||ng d
022 _a2836-6158
080 _a73
245 0 0 _aLippincott's monthly magazine.
260 _aPhiladelphia :
_bJ.B. Lippincott,
_c1886-1914
300 _a2 volúmenes ;
_c23 cm.
310 _aMensual
362 0 _aVol. 37, [n. 1] (Jan. 1886)-v. 94, n. 564 (Dec. 1914).
530 _aDisponible en formato digital
650 7 _aLiteratura
_2embne
_9141583
655 7 _aRevistas
_2tgfbne
_9226866
852 _aES-MaACL
_cDEPO1
_hDonativo Riaño
_jHem-925
856 _uhttps://archive.org/details/texts?tab=collection&query=%22Lippincott%27s+monthly+magazine%22&sort=-date&and%5B%5D=year%3A%221886%22&and%5B%5D=year%3A%221887%22&and%5B%5D=year%3A%221888%22&and%5B%5D=year%3A%221889%22&and%5B%5D=year%3A%221890%22&and%5B%5D=year%3A%221891%22&and%5B%5D=year%3A%221892%22&and%5B%5D=year%3A%221893%22&and%5B%5D=year%3A%221894%22&and%5B%5D=year%3A%221895%22&and%5B%5D=year%3A%221896%22&and%5B%5D=year%3A%221897%22&and%5B%5D=year%3A%221898%22&and%5B%5D=year%3A%221899%22&and%5B%5D=year%3A%221900%22&and%5B%5D=year%3A%221901%22&and%5B%5D=year%3A%221902%22&and%5B%5D=year%3A%221903%22&and%5B%5D=year%3A%221904%22&and%5B%5D=year%3A%221905%22&and%5B%5D=year%3A%221906%22&and%5B%5D=year%3A%221907%22&and%5B%5D=year%3A%221908%22&and%5B%5D=year%3A%221909%22&and%5B%5D=year%3A%221910%22&and%5B%5D=year%3A%221911%22&and%5B%5D=year%3A%221912%22&and%5B%5D=year%3A%221913%22&and%5B%5D=year%3A%221914%22
_yVersión en línea
_z(Internet Archive)
866 0 _o1900.
942 _2udc
_cPERIODICA
_n0
999 _c1379
_d1379